[Event "7th European Individual Senior Champion."]
[Site "Hockenheim, Germany"]
[Date "2007.06.05"]
[Round "4.70"]
[White "Paulsen, Eckart"]
[Black "Husser, Oskar"]
[Result "1/2-1/2"]
[WhiteElo "1833"]
[BlackElo "2073"]
[PlyCount "62"]
[EventDate "2007.??.??"]

1. d4 Nf6 2. Nf3 e6 3. e3 c5 4. c3 b6 5. Bd3 Bb7 6. Nbd2 d5 7. O-O Nbd7 8. Re1
Ne4 9. Ne5 Nxe5 10. dxe5 Qc7 11. Bb5+ Bc6 12. Qa4 Bxb5 13. Qxb5+ Qd7 14. Qxd7+
Kxd7 15. Nxe4 dxe4 16. Rd1+ Kc6 17. b3 Be7 18. Bb2 Rhd8 19. c4 Rxd1+ 20. Rxd1
Rd8 21. Rxd8 Bxd8 22. Kf1 a6 23. Ke2 b5 24. cxb5+ axb5 25. f3 exf3+ 26. gxf3 f5
27. exf6 gxf6 28. Kd3 Kd5 29. e4+ Kd6 30. h3 e5 31. a4 Kc6 1/2-1/2

[Event "7th European Individual Senior Champion."]
[Site "Hockenheim, Germany"]
[Date "2007.06.05"]
[Round "4.71"]
[White "Mann, Guenter"]
[Black "Alvarez Escudero, Manuel"]
[Result "1/2-1/2"]
[WhiteElo "1823"]
[BlackElo "1945"]
[PlyCount "117"]
[EventDate "2007.??.??"]

1. e4 e5 2. Nf3 Nc6 3. Bc4 Be7 4. O-O Nf6 5. Nc3 d6 6. h3 O-O 7. d4 exd4 8.
Nxd4 Ne5 9. Bb3 a6 10. a4 c6 11. a5 Bd7 12. f4 Ng6 13. Be3 Re8 14. Nf3 Be6 15.
f5 Bxb3 16. fxg6 Be6 17. gxh7+ Nxh7 18. Nd4 Qd7 19. Na4 Bd8 20. Nxe6 Qxe6 21.
Nc3 Bf6 22. Bd4 Rad8 23. Ra4 Be5 24. Bxe5 dxe5 25. Qf3 Ng5 26. Qe3 f6 27. Rb4
Rd7 28. Qa7 Ree7 29. Na4 Qd6 30. Qc5 Qc7 31. Nb6 Rd8 32. h4 Ne6 33. Qc3 Nd4 34.
Qc4+ Kh8 35. c3 Nb5 36. Rf5 Rf7 37. Qe2 g6 38. Rf1 Qd6 39. Qc4 Kg7 40. Qe2 Nd4
41. Qf2 Ne6 42. Nc4 Qc5 43. Qxc5 Nxc5 44. Nb6 Rd2 45. Nc4 Re2 46. Nd6 Rd7 47.
Ne8+ Kh6 48. Nxf6 Rdd2 49. Rf2 Re1+ 50. Kh2 Rxf2 51. Ng4+ Kh5 52. Nxf2 Kxh4 53.
g3+ Kg5 54. Kg2 Ra1 55. Rb6 Ra2 56. Kf3 Na4 57. Rxb7 Rxb2 58. Rc7 c5 59. Nh3+
1/2-1/2

[Event "7th European Individual Senior Champion."]
[Site "Hockenheim, Germany"]
[Date "2007.06.05"]
[Round "4.73"]
[White "Rieger, Helmut"]
[Black "Smits, Oswald"]
[Result "0-1"]
[WhiteElo "1660"]
[BlackElo "1894"]
[PlyCount "60"]
[EventDate "2007.??.??"]

1. c4 Nf6 2. Nc3 e5 3. Nf3 Nc6 4. g3 d6 5. Bg2 Be7 6. O-O O-O 7. h3 Be6 8. b3
Qd7 9. Kh2 d5 10. cxd5 Nxd5 11. Bb2 Rad8 12. Nxd5 Bxd5 13. Nxe5 Nxe5 14. Bxe5
Bxg2 15. Kxg2 Qd5+ 16. Kg1 Qxe5 17. e3 Qf5 18. d4 Qxh3 19. Qf3 c6 20. Rac1 Rd5
21. Rc4 Rfd8 22. Rfc1 R8d6 23. e4 Rxd4 24. Rxd4 Rxd4 25. e5 Rh4 26. Rc3 Qh2+
27. Kf1 Qh1+ 28. Qxh1 Rxh1+ 29. Ke2 Rh5 30. f4 Rh2+ 0-1

[Event "7th European Individual Senior Champion."]
[Site "Hockenheim, Germany"]
[Date "2007.06.05"]
[Round "4.74"]
[White "Barlo, Werner"]
[Black "Pfister, Valentina-Rodina"]
[Result "1-0"]
[WhiteElo "1871"]
[BlackElo "1566"]
[PlyCount "117"]
[EventDate "2007.??.??"]

1. d4 e6 2. c4 Bb4+ 3. Bd2 Bxd2+ 4. Qxd2 Ne7 5. Nf3 d5 6. e3 O-O 7. Bd3 b6 8.
Nc3 Bb7 9. O-O dxc4 10. Bxc4 Nd7 11. e4 Nf6 12. Rfe1 Qd7 13. Rad1 Rad8 14. Ne5
Qc8 15. Qg5 Nc6 16. Nxc6 Bxc6 17. f3 a6 18. d5 b5 19. Bb3 Bd7 20. h4 h6 21. Qe5
Rfe8 22. d6 cxd6 23. Rxd6 Bc6 24. Red1 Rxd6 25. Qxd6 Bd7 26. e5 Nd5 27. Nxd5
exd5 28. Bxd5 Be6 29. Bc6 Rf8 30. a3 Qb8 31. Qxb8 Rxb8 32. b4 Kf8 33. Kf2 Ke7
34. Rd6 Rd8 35. Rxd8 Kxd8 36. Bb7 Kc7 37. Ba8 f6 38. f4 Kb6 39. exf6 gxf6 40.
Ke3 a5 41. Kd4 axb4 42. axb4 Kc7 43. Bd5 Bg4 44. Ke3 Kd6 45. Kd4 Bd7 46. Bf3
Be6 47. Be2 Bd7 48. g4 Be8 49. g5 hxg5 50. hxg5 fxg5 51. fxg5 Bd7 52. Bd3 Ke6
53. Bf1 Kd6 54. Be2 Be8 55. Bd3 Bd7 56. g6 Ke7 57. Ke5 Be8 58. Bf5 Kf8 59. Kf6
1-0

[Event "7th European Individual Senior Champion."]
[Site "Hockenheim, Germany"]
[Date "2007.06.05"]
[Round "4.75"]
[White "Bartle, Georg"]
[Black "Bauer, Armin Dr"]
[Result "0-1"]
[WhiteElo "1724"]
[BlackElo "1902"]
[PlyCount "150"]
[EventDate "2007.??.??"]

1. b4 e6 2. Bb2 Nf6 3. a3 b6 4. c4 Bb7 5. e3 d5 6. Nf3 Nbd7 7. d3 Bd6 8. Nbd2
O-O 9. Be2 Re8 10. O-O c5 11. b5 Rc8 12. Re1 Qc7 13. h3 e5 14. cxd5 Bxd5 15.
Rc1 Qb7 16. Nc4 Bb8 17. e4 Bxc4 18. Rxc4 Bc7 19. Qb3 g6 20. Ra4 h6 21. Rc1 Re7
22. Nh4 Kg7 23. Rcc4 Rd8 24. Qc3 Nf8 25. f4 Rd4 26. f5 Qb8 27. Qe1 Red7 28.
Bxd4 exd4 29. Qf1 Bg3 30. Nf3 gxf5 31. exf5 Qf4 32. Ne1 Qe3+ 33. Kh1 Re7 34.
Rc2 Bxe1 35. Qxe1 Nh5 36. Kh2 Nf4 37. f6+ Kxf6 38. Qh4+ Kg7 39. Bf1 N8g6 40.
Qg3 Qe5 41. Rac4 h5 42. Kh1 h4 43. Qf3 Nh5 44. Rf2 Ng3+ 45. Kg1 Nxf1 46. Rxf1
Qe3+ 47. Qxe3 Rxe3 48. Ra4 Re7 49. Rd1 Nf4 50. Rd2 Ne2+ 51. Kf2 Nc3 52. Ra6
Nxb5 53. a4 Nc3 54. a5 Nd5 55. axb6 axb6 56. Re2 Re3 57. Rxe3 dxe3+ 58. Kf3 Kf6
59. Ra8 Ke5 60. Rh8 Kd4 61. Rd8 b5 62. Ke2 b4 63. Kd1 f5 64. Kc2 c4 65. dxc4
Kxc4 66. Rh8 f4 67. Rb8 Kd4 68. Rd8 b3+ 69. Kc1 Kc4 70. Re8 Kd3 71. Rd8 e2 72.
Re8 Ne3 73. Rd8+ Kc3 74. Rc8+ Nc4 75. Re8 b2+ 0-1

[Event "7th European Individual Senior Champion."]
[Site "Hockenheim, Germany"]
[Date "2007.06.05"]
[Round "4.76"]
[White "Ivanova, Marianna"]
[Black "Kuhn, Arno"]
[Result "1/2-1/2"]
[WhiteElo "1761"]
[BlackElo "1863"]
[PlyCount "50"]
[EventDate "2007.??.??"]

1. d4 d5 2. Nf3 Nf6 3. e3 Bf5 4. Be2 e6 5. a3 Bd6 6. Nbd2 Nbd7 7. c4 c5 8. O-O
O-O 9. b3 e5 10. Bb2 e4 11. Ne5 Qc7 12. f4 h6 13. Rf2 cxd4 14. Bxd4 Bc5 15. Nf1
Rad8 16. g4 Bh7 17. Rg2 Bxd4 18. Qxd4 Qc5 19. Qd1 Qd6 20. Qd4 Qc5 21. Qc3 b5
22. b4 Qe7 23. g5 hxg5 24. Rxg5 Ne8 25. Nc6 Qf6 1/2-1/2

[Event "7th European Individual Senior Champion."]
[Site "Hockenheim, Germany"]
[Date "2007.06.05"]
[Round "4.77"]
[White "Wibe, Per H."]
[Black "Thonig, Manfred"]
[Result "1-0"]
[WhiteElo "1808"]
[BlackElo "1755"]
[PlyCount "51"]
[EventDate "2007.??.??"]

1. e4 g6 2. d4 Bg7 3. Nc3 c6 4. Be3 d5 5. Qd2 h6 6. e5 e6 7. Bd3 Nd7 8. f4 Ne7
9. g4 b5 10. Nf3 a5 11. O-O Ba6 12. Nh4 Nf8 13. f5 gxf5 14. gxf5 Rg8 15. Kh1
exf5 16. Nxf5 Nxf5 17. Rxf5 Qd7 18. Raf1 b4 19. Na4 Bxd3 20. Qxd3 Qe7 21. Rxf7
Qxf7 22. Rxf7 Kxf7 23. Qf5+ Ke7 24. Nc5 Ke8 25. Nb7 Nd7 26. Qe6+ 1-0

[Event "7th European Individual Senior Champion."]
[Site "Hockenheim, Germany"]
[Date "2007.06.05"]
[Round "4.78"]
[White "Yusym, Anatoly"]
[Black "Schuller, Erhard"]
[Result "1-0"]
[WhiteElo "1759"]
[BlackElo "1791"]
[PlyCount "112"]
[EventDate "2007.??.??"]

1. d3 c5 2. Nf3 d6 3. g3 b6 4. Bg2 Bb7 5. Nbd2 Nf6 6. O-O g6 7. e4 e5 8. Nc4
Bg7 9. Nh4 O-O 10. f4 exf4 11. Bxf4 Ne8 12. Nf3 b5 13. Ncd2 a6 14. c3 Nc6 15.
Rb1 Nc7 16. a3 Ne6 17. Be3 Rc8 18. Qe2 Ne7 19. d4 cxd4 20. Nxd4 Qd7 21. Bh3
Nxd4 22. Bxd7 Nxe2+ 23. Kf2 Rc7 24. Bh3 Nxc3 25. bxc3 Rxc3 26. Rbc1 f5 27. Ke2
Rxc1 28. Rxc1 Rc8 29. Rf1 Rf8 30. Bg5 Rf7 31. Rc1 Kf8 32. Bf4 Be5 33. Bg5 Ke8
34. Rc7 Bf6 35. Bxf6 Bxe4 36. Bg5 Nd5 37. Rc8+ Kd7 38. Nxe4 h6 39. Bd2 Re7 40.
Ra8 Rxe4+ 41. Kf3 Ra4 42. Bb4 Nb6 43. Rg8 Nc4 44. Rxg6 Ne5+ 45. Ke3 Nxg6 46.
Bxf5+ Kc7 47. Bxg6 a5 48. Bc3 Rxa3 49. Kd4 b4 50. Bd2 Ra2 51. Bxh6 Rxh2 52. Bf4
Rh8 53. Ke4 Rb8 54. Ke3 Kc6 55. Bd3 Kc5 56. g4 Ra8 {rest der partie unleserlich
} 1-0

[Event "7th European Individual Senior Champion."]
[Site "Hockenheim, Germany"]
[Date "2007.06.06"]
[Round "5.1"]
[White "Jansa, Vlastimil"]
[Black "Murey, Jacob"]
[Result "1/2-1/2"]
[WhiteElo "2499"]
[BlackElo "2433"]
[PlyCount "104"]
[EventDate "2007.??.??"]

1. e4 c5 2. Nf3 Nf6 3. e5 Nd5 4. g3 Nc6 5. Bg2 g6 6. O-O Bg7 7. Re1 O-O 8. d4
cxd4 9. Nxd4 Nc7 10. Nf3 d6 11. exd6 Qxd6 12. Qxd6 exd6 13. c3 d5 14. Na3 Bf5
15. Be3 Be4 16. Rad1 Ne6 17. Nb5 Rfd8 18. Nfd4 Bxg2 19. Kxg2 Rd7 20. Re2 a6 21.
Nxc6 bxc6 22. Nd4 Nxd4 23. cxd4 Rb8 24. Bf4 Rc8 25. Rc2 h5 26. h4 a5 27. b3 Rb7
28. Bd6 Bf8 29. Bxf8 Kxf8 30. Rdc1 a4 31. Rxc6 Rxc6 32. Rxc6 axb3 33. axb3 Rb4
34. Rc7 Kg7 35. Kf3 Rxd4 36. Rb7 Kf6 37. Ke3 Rd1 38. b4 Ke6 39. b5 Rb1 40. Kd4
Rb4+ 41. Kc3 Rc4+ 42. Kd3 Rb4 43. b6 Ke5 44. Kc3 Rb1 45. f3 d4+ 46. Kc2 Rb5 47.
Rb8 Rb4 48. Kd3 Kf5 49. b7 Kf6 50. g4 hxg4 51. fxg4 Kg7 52. g5 Kh7 1/2-1/2

[Event "7th European Individual Senior Champion."]
[Site "Hockenheim, Germany"]
[Date "2007.06.06"]
[Round "5.2"]
[White "Rotstein, Efim"]
[Black "Klovans, Janis"]
[Result "1/2-1/2"]
[WhiteElo "2371"]
[BlackElo "2441"]
[PlyCount "102"]
[EventDate "2007.??.??"]

1. Nf3 d5 2. d4 Nf6 3. e3 e6 4. Bd3 Nbd7 5. b3 b6 6. O-O Bb7 7. Bb2 Be7 8. Nbd2
O-O 9. c4 c5 10. cxd5 Nxd5 11. a3 cxd4 12. Nxd4 Nc5 13. Bb5 a6 14. Nc6 Bxc6 15.
Bxc6 Rc8 16. Bxd5 Qxd5 17. Qg4 f6 18. Nc4 Qc6 19. Rad1 Rfd8 20. Rxd8+ Rxd8 21.
Rd1 Nxb3 22. Rxd8+ Bxd8 23. Qd1 Qxc4 24. Qxd8+ Kf7 25. h3 Qc6 26. Qd3 Qd5 27.
Qxa6 Qd1+ 28. Qf1 Qc2 29. Bd4 Nxd4 30. exd4 Qc3 31. Qa6 Qc1+ 32. Kh2 Qf4+ 33.
Kg1 Qxd4 34. Qb7+ Kg6 35. Qe7 Qa1+ 36. Kh2 Qe5+ 37. g3 f5 38. Kg2 Qe4+ 39. Kg1
Qc6 40. h4 h6 41. h5+ Kh7 42. Qf7 b5 43. Kh2 Qc8 44. f4 Kh8 45. Kg2 Kh7 46. Kh3
Qa8 47. Kh2 Qc6 48. Kg1 Qc1+ 49. Kg2 Qb2+ 50. Kh3 Qf6 51. Qe8 Qa1 1/2-1/2

[Event "7th European Individual Senior Champion."]
[Site "Hockenheim, Germany"]
[Date "2007.06.06"]
[Round "5.4"]
[White "Donchenko, Anatoly G"]
[Black "Rashkovsky, Nukhim N"]
[Result "1/2-1/2"]
[WhiteElo "2374"]
[BlackElo "2496"]
[PlyCount "21"]
[EventDate "2007.??.??"]

1. d4 Nf6 2. Nf3 e6 3. c4 Bb4+ 4. Bd2 a5 5. e3 b6 6. Nc3 Bb7 7. Bd3 d6 8. O-O
Nbd7 9. a3 Bxc3 10. Bxc3 Qe7 11. Nd2 1/2-1/2

[Event "7th European Individual Senior Champion."]
[Site "Hockenheim, Germany"]
[Date "2007.06.06"]
[Round "5.5"]
[White "Tseitlin, Mark D"]
[Black "Hvenekilde, Jorgen"]
[Result "1-0"]
[WhiteElo "2491"]
[BlackElo "2221"]
[PlyCount "76"]
[EventDate "2007.??.??"]

1. e4 e6 2. d4 d5 3. Nd2 Nf6 4. e5 Nfd7 5. c3 c5 6. Bd3 Nc6 7. Ngf3 cxd4 8.
cxd4 Nb4 9. Bb1 a5 10. a3 Nc6 11. b3 Nb6 12. O-O Bd7 13. Bd3 Be7 14. g3 O-O 15.
h4 f5 16. exf6 Bxf6 17. Bb2 a4 18. b4 Be8 19. Qe2 Bf7 20. Ne5 Nxe5 21. dxe5 Be7
22. Rac1 Rc8 23. Rxc8 Nxc8 24. Bd4 Qc7 25. Nb1 Nb6 26. f4 Nc4 27. h5 Qc6 28. g4
Bd8 29. Qf2 Bb6 30. Bxc4 Bxd4 31. Qxd4 dxc4 32. Nc3 Qc8 33. Rd1 Be8 34. b5 b6
35. Qxb6 Bxh5 36. gxh5 Qe8 37. Rd2 Qxh5 38. Qxe6+ Kh8 1-0

[Event "7th European Individual Senior Champion."]
[Site "Hockenheim, Germany"]
[Date "2007.06.06"]
[Round "5.6"]
[White "Khanukov, Boris"]
[Black "Fradkin, Boris"]
[Result "1-0"]
[WhiteElo "2358"]
[BlackElo "2465"]
[PlyCount "121"]
[EventDate "2007.??.??"]

1. d4 Nf6 2. c4 e6 3. Nc3 Bb4 4. Qc2 O-O 5. a3 Bxc3+ 6. Qxc3 b6 7. Nf3 h6 8. g3
Bb7 9. Bg2 d6 10. O-O a5 11. b3 Nbd7 12. Bb2 Be4 13. Rfd1 c6 14. Bh3 Rc8 15. b4
b5 16. Nd2 d5 17. c5 a4 18. f3 Bg6 19. Re1 Nh7 20. e4 Ndf6 21. Bg2 h5 22. h4
Qc7 23. e5 Nd7 24. Bh3 Rfe8 25. Nf1 Nhf8 26. Bc1 f6 27. Ra2 f5 28. g4 fxg4 29.
fxg4 hxg4 30. Bxg4 Nh7 31. Qh3 Ndf8 32. Ng3 Re7 33. h5 Bd3 34. Re3 Bb1 35. Rb2
Be4 36. Nxe4 dxe4 37. Rxe4 Rce8 38. Rg2 Kh8 39. Bf3 Rf7 40. Reg4 Qd7 41. Be3
Ree7 42. Be4 Rf5 43. Bxf5 exf5 44. Rg6 Qd5 45. Qh2 Rf7 46. Bh6 Ne6 47. Be3 f4
48. Qh3 Nxd4 49. Rd6 Nf3+ 50. Kh1 Qxe5 51. Qxf3 Ng5 52. Rxg5 Qxg5 53. Bf2 Qe5
54. Rd8+ Kh7 55. Qd3+ Rf5 56. Rf8 Qd5+ 57. Qxd5 Rxd5 58. Rxf4 Rd3 59. Bd4 Rxa3
60. Kg2 Rb3 61. Be5 Kh6 62. Kf2 a3 63. Rf3 Rxb4 64. Rxa3 Rc4 65. Bd6 Kxh5 66. Ra6 1-0

[Event "7th European Individual Senior Champion."]
[Site "Hockenheim, Germany"]
[Date "2007.06.06"]
[Round "5.7"]
[White "Stull, Norbert"]
[Black "Uhlmann, Wolfgang"]
[Result "1-0"]
[WhiteElo "2144"]
[BlackElo "2419"]
[PlyCount "79"]
[EventDate "2007.??.??"]

1. d4 Nf6 2. c4 g6 3. Nc3 Bg7 4. e4 d6 5. Bg5 O-O 6. Qd2 c5 7. d5 e6 8. Bd3
exd5 9. exd5 Nbd7 10. Nge2 Ne5 11. O-O a6 12. a4 h6 13. Bf4 Re8 14. Ng3 Nfg4
15. Rae1 Bd7 16. Be2 h5 17. Nge4 Bf5 18. h3 Nf6 19. Ng3 Qd7 20. Nxf5 Qxf5 21.
Bxe5 Qxe5 22. Bd3 Qd4 23. Qc2 Nd7 24. Rd1 Qh4 25. Rfe1 Ne5 26. Re4 Qd8 27. f4
Nxd3 28. Qxd3 Qd7 29. Rde1 Rxe4 30. Rxe4 Re8 31. Qe2 Rxe4 32. Nxe4 Qe7 33. b3
Bh6 34. Qf3 f5 35. Nf2 Qe1+ 36. Kh2 h4 37. Nd3 Qe4 38. Qf1 Qe3 39. Qf3 Qd2 40. Qf1 1-0

[Event "7th European Individual Senior Champion."]
[Site "Hockenheim, Germany"]
[Date "2007.06.06"]
[Round "5.8"]
[White "Pushkov, Nikolai"]
[Black "Fomina, Tatyana"]
[Result "1-0"]
[WhiteElo "2522"]
[BlackElo "2231"]
[PlyCount "125"]
[EventDate "2007.??.??"]

1. c4 e6 2. d4 f5 3. g3 Nf6 4. Bg2 Be7 5. Nc3 O-O 6. Nf3 Ne4 7. Qc2 Nxc3 8.
Qxc3 c5 9. dxc5 Nc6 10. O-O Bxc5 11. Bf4 Qe8 12. Rfd1 Qh5 13. Bd6 Bxd6 14. Rxd6
f4 15. Rad1 fxg3 16. hxg3 a5 17. b3 Qc5 18. a4 Ra6 19. R1d3 Nb4 20. Rxd7 Bxd7
21. Rxd7 Rf7 22. Qd2 Nc6 23. Rxf7 Kxf7 24. Qf4+ Kg8 25. Qc7 Qe7 26. Qc8+ Nd8
27. Ne5 Rd6 28. Nd3 g6 29. c5 Rd4 30. f4 g5 31. Kf2 gxf4 32. gxf4 Rd7 33. Qa8
Qh4+ 34. Ke3 Qg3+ 35. Bf3 Qg1+ 36. Kd2 Qxc5 37. Qb8 Qd6 38. Qxd6 Rxd6 39. Kc3
Nc6 40. Nc5 Nb4 41. Nxb7 Nd5+ 42. Kb2 Rb6 43. Nxa5 Nxf4 44. Nc4 Ra6 45. a5 Nd5
46. Ka3 Kg7 47. b4 Nc3 48. Bb7 Ra7 49. a6 h5 50. Kb3 Nd5 51. b5 h4 52. e4 Nc7
53. b6 Rxb7 54. axb7 Na6 55. Ne5 h3 56. Nf3 Kf6 57. Kc4 h2 58. Nxh2 Ke5 59.
Nf3+ Kxe4 60. Nd4 Nb8 61. Nxe6 Ke5 62. Nc7 Kd6 63. Kb5 1-0

[Event "7th European Individual Senior Champion."]
[Site "Hockenheim, Germany"]
[Date "2007.06.06"]
[Round "5.9"]
[White "Sorensen, Bent"]
[Black "Gruzmann, Boris"]
[Result "1-0"]
[WhiteElo "2258"]
[BlackElo "2309"]
[PlyCount "59"]
[EventDate "2007.??.??"]

1. Nf3 g6 2. c4 Bg7 3. Nc3 e5 4. g3 Nc6 5. Bg2 d6 6. O-O Nge7 7. d3 h6 8. Rb1
Be6 9. b4 Qd7 10. b5 Nd8 11. Re1 O-O 12. Nd2 f5 13. Nd5 g5 14. Nxe7+ Qxe7 15.
e3 g4 16. Bb2 h5 17. d4 h4 18. f4 gxf3 19. Qxf3 Rb8 20. Qh5 hxg3 21. hxg3 Nf7
22. Kf2 Nh6 23. Rh1 f4 24. gxf4 exd4 25. Be4 d5 26. Rbg1 dxe4 27. Qxh6 Rxf4+
28. exf4 e3+ 29. Kf3 Kf8 30. Rxg7 1-0

[Event "7th European Individual Senior Champion."]
[Site "Hockenheim, Germany"]
[Date "2007.06.06"]
[Round "5.10"]
[White "Ljubarskij, Jurij"]
[Black "Krieger, Hermann"]
[Result "1-0"]
[WhiteElo "2301"]
[BlackElo "2223"]
[PlyCount "101"]
[EventDate "2007.??.??"]

1. d4 f5 2. h4 Nf6 3. h5 e6 4. c4 b6 5. Nc3 Bb7 6. Bf4 d5 7. Nf3 c6 8. e3 Be7
9. Be2 O-O 10. Ne5 Nbd7 11. Rc1 Nxe5 12. dxe5 Nd7 13. cxd5 exd5 14. g4 Bb4 15.
gxf5 Rxf5 16. Bd3 Rxe5 17. Qc2 h6 18. Bxe5 Nxe5 19. a3 Bd6 20. Be2 Qe7 21. Rd1
Rf8 22. f4 Nd7 23. Rh3 Nf6 24. Qg6 c5 25. Rg3 Kh8 26. Kf1 d4 27. Bc4 b5 28.
Nxb5 Be4 29. Qxg7+ Qxg7 30. Rxg7 Kxg7 31. Nxd6 dxe3 32. Nxe4 Nxe4 33. Rd7+ Kh8
34. Ke2 Ng3+ 35. Kxe3 Nxh5 36. Rxa7 Rxf4 37. Bd3 Rf6 38. Rc7 Re6+ 39. Kf3 Rd6
40. Be4 Nf6 41. Rxc5 Rd4 42. Bf5 h5 43. b4 Rd1 44. b5 Ra1 45. Kf4 Rxa3 46. Kg5
Nh7+ 47. Kh6 Nf6 48. Be6 Ra8 49. b6 Ng8+ 50. Bxg8 Rb8 51. Be6 1-0

[Event "7th European Individual Senior Champion."]
[Site "Hockenheim, Germany"]
[Date "2007.06.06"]
[Round "5.11"]
[White "Werner, Clemens"]
[Black "Van Den Berg, Ad"]
[Result "0-1"]
[WhiteElo "2295"]
[BlackElo "2204"]
[PlyCount "78"]
[EventDate "2007.??.??"]

1. e4 c5 2. c3 g6 3. d4 cxd4 4. cxd4 d5 5. Nc3 dxe4 6. Bc4 Nf6 7. Qb3 e6 8.
Nge2 a6 9. Bg5 Be7 10. Bxf6 Bxf6 11. Nxe4 O-O 12. O-O Nc6 13. Nxf6+ Qxf6 14.
Qe3 b5 15. Bd3 Bb7 16. Be4 Na5 17. b3 Rac8 18. Rac1 Qe7 19. Nf4 Bxe4 20. Qxe4
Qa3 21. Rc2 Rxc2 22. Qxc2 Qd6 23. Qe4 Rd8 24. Rd1 Nc6 25. Ne2 Nb4 26. Rc1 Nxa2
27. Rc6 Qb4 28. Qb1 Qa3 29. h4 Nb4 30. Rc7 Nd5 31. Ra7 Qa5 32. Rb7 Qd2 33. Qe4
Qe1+ 34. Kh2 Qxf2 35. Ra7 Nf6 36. Qf3 Qxh4+ 37. Kg1 Qe1+ 38. Kh2 Rd5 39. g4 Qh4+ 0-1

[Event "7th European Individual Senior Champion."]
[Site "Hockenheim, Germany"]
[Date "2007.06.06"]
[Round "5.12"]
[White "Neese, Hans-Joachim"]
[Black "Jaenig, Reinhard"]
[Result "1-0"]
[WhiteElo "2287"]
[BlackElo "2176"]
[PlyCount "75"]
[EventDate "2007.??.??"]

1. d4 d5 2. Nf3 c6 3. Bf4 Bf5 4. Nbd2 Nf6 5. c4 e6 6. e3 Be7 7. h3 O-O 8. Nh4
Bg6 9. Nxg6 hxg6 10. Qb3 Qb6 11. c5 Qxb3 12. axb3 Nbd7 13. b4 a6 14. Bd3 Rfe8
15. O-O Rac8 16. Nb3 Bd8 17. Na5 Bxa5 18. bxa5 e5 19. Bh2 exd4 20. exd4 Nf8 21.
Ra4 Ne4 22. Rb4 Re7 23. f3 Nf6 24. Bd6 Re3 25. Rd1 Rce8 26. Kf2 g5 27. Rxb7 Ng6
28. g3 R8e6 29. Rb6 Ne8 30. Rxc6 f5 31. Rd2 f4 32. Rb6 fxg3+ 33. Bxg3 Nf4 34.
Bxf4 gxf4 35. Bxa6 Nc7 36. Bb7 Rh6 37. Rxh6 gxh6 38. a6 1-0

[Event "7th European Individual Senior Champion."]
[Site "Hockenheim, Germany"]
[Date "2007.06.06"]
[Round "5.13"]
[White "Fronczek, Heinrich"]
[Black "Villing, Dieter"]
[Result "1-0"]
[WhiteElo "2285"]
[BlackElo "2160"]
[PlyCount "141"]
[EventDate "2007.??.??"]

1. d4 d6 2. Nf3 Bg4 3. c4 c6 4. Nc3 Nd7 5. h3 Bxf3 6. exf3 g6 7. Be3 Bg7 8. Qd2
Ngf6 9. Be2 O-O 10. Rd1 Re8 11. d5 Qa5 12. O-O Rac8 13. dxc6 bxc6 14. f4 Rb8
15. b3 Qa3 16. Bf3 Rec8 17. Nb1 Qa6 18. Bd4 d5 19. cxd5 cxd5 20. Bxd5 Nxd5 21.
Bxg7 Kxg7 22. Qxd5 Nf6 23. Qd2 Rd8 24. Qb2 Kg8 25. Nc3 Qc6 26. Rfe1 Rxd1 27.
Rxd1 Rc8 28. Rd3 Ne4 29. Nxe4 Qxe4 30. Qd2 Kg7 31. Qe3 Qxe3 32. Rxe3 Rc1+ 33.
Kh2 Rc2 34. a4 Kf6 35. Kg3 a5 36. Kf3 e6 37. g4 h6 38. h4 Rb2 39. g5+ hxg5 40.
hxg5+ Ke7 41. Rd3 f6 42. Ke3 e5 43. gxf6+ Kxf6 44. fxe5+ Kxe5 45. f4+ Ke6 46.
Kd4 Rf2 47. Re3+ Kd6 48. Re4 Rf3 49. Kc4 Kd7 50. b4 axb4 51. Kxb4 Kc7 52. a5
Rf1 53. a6 Ra1 54. Re6 Rg1 55. Kc5 Kd7 56. a7 Rc1+ 57. Kd4 Rd1+ 58. Ke4 Re1+
59. Kf3 Ra1 60. Rxg6 Ke7 61. Rg7+ Kf6 62. Rc7 Kf5 63. Ke3 Ra3+ 64. Kd4 Kxf4 65.
Rf7+ Kg5 66. Kc5 Kg6 67. Rc7 Kf6 68. Kb6 Ke6 69. Kb7 Kd6 70. Rc6+ Kd7 71. Rb6
1-0

[Event "7th European Individual Senior Champion."]
[Site "Hockenheim, Germany"]
[Date "2007.06.06"]
[Round "5.14"]
[White "Rosino, Antonio"]
[Black "Kuznetsova, Luba"]
[Result "1-0"]
[WhiteElo "2275"]
[BlackElo "2064"]
[PlyCount "67"]
[EventDate "2007.??.??"]

1. e4 c5 2. Nf3 e6 3. c3 Nf6 4. e5 Nd5 5. d4 cxd4 6. cxd4 Nc6 7. Nc3 Nxc3 8.
bxc3 Qc7 9. Bd3 b6 10. O-O Bb7 11. Bf4 d6 12. Re1 d5 13. Qa4 Be7 14. c4 dxc4
15. Bxc4 O-O 16. d5 Na5 17. Rac1 exd5 18. Bxd5 Qd8 19. Be4 Qe8 20. Qc2 Bxe4 21.
Qxe4 Rc8 22. e6 f5 23. Rxc8 Qxc8 24. Qd5 g6 25. Bh6 Re8 26. Qe5 Bf8 27. Bxf8
Rxf8 28. e7 Re8 29. Qd5+ Kg7 30. Ng5 Qc4 31. Qd7 Qc3 32. Qe6 Qc4 33. Qe5+ Kg8
34. Ne6 1-0

[Event "7th European Individual Senior Champion."]
[Site "Hockenheim, Germany"]
[Date "2007.06.06"]
[Round "5.15"]
[White "Ljuboschitz, Alexander"]
[Black "Schippan, Bernd"]
[Result "1/2-1/2"]
[WhiteElo "2234"]
[BlackElo "2266"]
[PlyCount "35"]
[EventDate "2007.??.??"]

1. e4 e5 2. Nf3 Nc6 3. Bb5 a6 4. Ba4 Nf6 5. Qe2 Be7 6. O-O b5 7. Bb3 d6 8. a4
Bg4 9. c3 O-O 10. h3 Bd7 11. d4 Na5 12. Bc2 exd4 13. cxd4 Re8 14. Bf4 g6 15.
Nbd2 Bf8 16. axb5 axb5 17. Rfe1 Qb8 18. Qd3 1/2-1/2

[Event "7th European Individual Senior Champion."]
[Site "Hockenheim, Germany"]
[Date "2007.06.06"]
[Round "5.17"]
[White "Chernikov, Oleg L"]
[Black "Achenbach, Manfred"]
[Result "1/2-1/2"]
[WhiteElo "2405"]
[BlackElo "2187"]
[PlyCount "42"]
[EventDate "2007.??.??"]

1. d4 c5 2. e3 Nf6 3. c3 e6 4. Nf3 Be7 5. Bd3 d5 6. Ne5 Nc6 7. f4 O-O 8. O-O
Ne4 9. Nd2 f5 10. Ndf3 Bd7 11. Bd2 Nxe5 12. Nxe5 Be8 13. Be1 Rc8 14. Qe2 Kh8
15. Kh1 Nf6 16. Bh4 Bh5 17. Qe1 c4 18. Bc2 Ng4 19. Bxe7 Qxe7 20. Nxg4 Bxg4 21.
Qg3 Bh5 1/2-1/2

[Event "7th European Individual Senior Champion."]
[Site "Hockenheim, Germany"]
[Date "2007.06.06"]
[Round "5.18"]
[White "Siegmund, Rainer"]
[Black "Arkhangelsky, Boris"]
[Result "1/2-1/2"]
[WhiteElo "2179"]
[BlackElo "2355"]
[PlyCount "29"]
[EventDate "2007.??.??"]

1. d4 Nf6 2. c4 g6 3. Nc3 d5 4. Nf3 Bg7 5. Bg5 Ne4 6. Bh4 c6 7. e3 Qa5 8. Qb3
dxc4 9. Bxc4 Nd6 10. Bd3 Be6 11. Qd1 Nf5 12. Bxf5 Bxf5 13. O-O Qd8 14. Qb3 Qb6
15. Qa3 1/2-1/2

[Event "7th European Individual Senior Champion."]
[Site "Hockenheim, Germany"]
[Date "2007.06.06"]
[Round "5.19"]
[White "Kremenietsky, Anatoly M"]
[Black "Hohler, Peter"]
[Result "1-0"]
[WhiteElo "2353"]
[BlackElo "2183"]
[PlyCount "83"]
[EventDate "2007.??.??"]

1. d4 Nf6 2. c4 e6 3. Nf3 Bb4+ 4. Bd2 Bxd2+ 5. Qxd2 O-O 6. Nc3 d5 7. e3 Qe7 8.
Be2 Rd8 9. cxd5 exd5 10. O-O Bg4 11. Rfc1 Nbd7 12. h3 Bxf3 13. Bxf3 Nf8 14. Na4
Ne6 15. Nc5 Nxc5 16. Rxc5 c6 17. Qc2 Ne4 18. Bxe4 Qxe4 19. Qxe4 dxe4 20. Rac1
Kf8 21. Kh2 Rd7 22. g4 Re8 23. Kg3 Re6 24. R1c2 Ke7 25. h4 Kd6 26. b4 Rde7 27.
a4 a6 28. b5 axb5 29. axb5 cxb5 30. Rxb5 Rc7 31. Rcb2 Ree7 32. Kf4 Kc6 33. f3
exf3 34. Kxf3 Red7 35. Rb6+ Kd5 36. R2b4 Rd6 37. R6b5+ Kc6 38. g5 Re7 39. Rc5+
Kd7 40. Rxb7+ Kd8 41. Rc8+ Kxc8 42. Rxe7 1-0